000 00618nam a2200193Ia 4500
008 151119s9999||||xx |||||||||||||| ||und||
082 _a954.79आवटी/कारगी
082 _bGKKV19960
100 _aआवटी नारायण
245 _aकारगीलनामा
260 _aमुंबई
260 _bमेहता पब्लीशिग हाउस
260 _c1992
600 _aआवटी नारायण
630 _aकारगीलनामा
700 _aआवटी नारायण
730 _aकारगीलनामा
942 _cBOOK
999 _c1072867
_d1072864